| Tag |
First Indicator |
Second Indicator |
Subfields |
| LEADER |
00000cam a2200000 i 4500 |
| 001 |
in00001064821 |
| 005 |
20150929100946.0 |
| 008 |
770215s1976 ag 000 1 spa |
| 010 |
|
|
|a 77454502
|
| 019 |
|
|
|a 02787038
|
| 035 |
|
|
|a (OCoLC)02742277
|
| 035 |
|
|
|9 AFP0656AM
|
| 040 |
|
|
|a DLC
|c DLC
|d m.c.
|d TXA
|d UtOrBLW
|
| 049 |
|
|
|a TXAM
|
| 050 |
0 |
0 |
|a PQ7440.S235
|b G8
|
| 082 |
0 |
|
|a 863
|
| 100 |
1 |
|
|a Sánchez, Luis Rafael.
|
| 245 |
1 |
3 |
|a La guaracha del macho Camacho /
|c Luis Rafael Sánchez.
|
| 264 |
|
1 |
|a Buenos Aires :
|b Ediciones de la Flor,
|c [1976]
|
| 264 |
|
4 |
|c ©1976
|
| 300 |
|
|
|a 256 pages ;
|c 20 cm.
|
| 336 |
|
|
|a text
|b txt
|2 rdacontent
|
| 337 |
|
|
|a unmediated
|b n
|2 rdamedia
|
| 338 |
|
|
|a volume
|b nc
|2 rdacarrier
|
| 999 |
|
|
|a MARS
|
| 999 |
f |
f |
|s 9caec73d-9095-311e-9d1e-7b3b24362c1a
|i ae36dc74-fa7b-3c1f-ae94-e4f6389df6d4
|t 0
|
| 952 |
f |
f |
|p normal
|a Texas A&M University
|b College Station
|c Sterling C. Evans Library
|d Evans: Library Stacks
|t 0
|e PQ7440.S235 G8
|h Library of Congress classification
|i unmediated -- volume
|m A14815656994
|
| 998 |
f |
f |
|a PQ7440.S235 G8
|t 0
|l Evans: Library Stacks
|